[Event "XXXIV Festival A"]
[Site "Arco ITA"]
[Date "2012.10.17"]
[Round "5"]
[White "Bonade', Massimo"]
[Black "Garvani, Vittorio"]
[WhiteElo "2086"]
[BlackElo "1904"]
[Result "1-0"]
[PlyCount "163"]
[EventDate "2012.10.13"]

1. d4 Nf6 2. c4 c5 3. d5 b5 4. cxb5 a6 5. bxa6 g6 6. Nc3 Bxa6 7. Nf3 d6 8. g3
Bg7 9. Bg2 O-O 10. O-O Nbd7 11. Rb1 Ng4 12. Qc2 Nge5 13. Nxe5 Nxe5 14. Rd1 Qa5
15. b3 Nd7 16. Bd2 Qc7 17. Re1 Rfb8 18. Ne4 Ra7 19. Bc3 Ne5 20. h3 h6 21. Nd2
Rba8 22. f4 Nd7 23. Bxg7 Kxg7 24. e4 f6 25. Kh2 Rc8 26. Bf1 Bxf1 27. Rxf1 Nb6
28. Rfc1 g5 29. Ra1 Rca8 30. Qb2 Qb8 31. Nc4 Nxc4 32. Rxc4 gxf4 33. gxf4 Kf7
34. Qe2 Qh8 35. Qh5+ Kf8 36. Rc2 Ra3 37. Qf5 Ke8 38. Qe6 Qh7 39. Rg2 Kf8 40.
Rb2 Qg7 41. Rg1 Qf7 42. Qxf7+ Kxf7 43. Rgg2 e6 44. dxe6+ Kxe6 45. Rgd2 R8a6 46.
Rbc2 f5 47. exf5+ Kxf5 48. Kg3 Ke6 49. Kg4 Ra8 50. f5+ Ke7 51. Re2+ Kf7 52.
Rcd2 Rg8+ 53. Kf4 Rd8 54. Re6 h5 55. Rh6 c4 56. bxc4 Rxh3 57. c5 Rh4+ 58. Kg3
Rg4+ 59. Kf3 Rdg8 60. cxd6 Rg3+ 61. Ke2 Rg2+ 62. Kd1 Rg1+ 63. Kc2 Rc8+ 64. Kd3
Rg3+ 65. Kd4 Ra8 66. Rxh5 Ra4+ 67. Kd5 Ra5+ 68. Kc4 Rg4+ 69. Kb3 Rb5+ 70. Kc3
Rc5+ 71. Kd3 Rd5+ 72. Ke3 Rxd2 73. Kxd2 Rd4+ 74. Ke3 Rxd6 75. Rh7+ Kf8 76. Ra7
Rb6 77. Ke4 Rb4+ 78. Ke5 Rb5+ 79. Kf6 Rb6+ 80. Kg5 Rb2 81. a4 Rg2+ 82. Kf6 1-0

[Event "XXXIV Festival A"]
[Site "Arco ITA"]
[Date "2012.10.17"]
[Round "5"]
[White "Bonagura, Stefano"]
[Black "Vezzosi, Paolo"]
[WhiteElo "2172"]
[BlackElo "2308"]
[Result "0-1"]
[PlyCount "92"]
[EventDate "2012.10.13"]

1. c4 e5 2. g3 g6 3. Bg2 Bg7 4. Nc3 Ne7 5. e4 d6 6. Nge2 Be6 7. d3 O-O 8. O-O
Nd7 9. b3 Nf6 10. d4 Re8 11. d5 Bd7 12. h3 Nh5 13. Be3 f5 14. Qd2 Kh8 15. Kh2
Ng8 16. exf5 gxf5 17. f4 Ngf6 18. Rae1 Rg8 19. fxe5 dxe5 20. Bg5 Qf8 21. d6 c6
22. b4 Qf7 23. Na4 Qxc4 24. Nc5 Rgf8 25. Rc1 Qg8 26. Bf3 Rf7 27. Nxb7 e4 28.
Bxh5 Nxh5 29. Nc5 Be5 30. Bf4 Nxf4 31. gxf4 Bf6 32. Rg1 Qf8 33. Rg2 Rd8 34.
Rcg1 Bc8 35. Nc3 Bg7 36. Rxg7 Rxg7 37. d7 Rxg1 38. Ne6 Rxd7 39. Nd5 Qg8 40.
Qc3+ Rgg7 41. Nxg7 Rxg7 42. Ne3 Qxa2+ 43. Nc2 e3 44. Qxc6 Be6 45. h4 e2 46. Ne1
Qb3 0-1

[Event "XXXIV Festival A"]
[Site "Arco ITA"]
[Date "2012.10.17"]
[Round "5"]
[White "Borries, Barbara"]
[Black "Gulinelli, Euro"]
[WhiteElo "1850"]
[BlackElo "1633"]
[Result "1-0"]
[PlyCount "87"]
[EventDate "2012.10.13"]

1. e4 c6 2. d4 d5 3. Nd2 dxe4 4. Nxe4 Nd7 5. Nf3 Ngf6 6. Ned2 Nb6 7. Bd3 Bg4 8.
O-O e6 9. a3 Be7 10. h3 Bh5 11. Qe2 Qc7 12. Re1 O-O-O 13. Nb3 Bd6 14. c4 Bf4
15. Be3 Bxe3 16. Qxe3 Bxf3 17. Qxf3 Nbd7 18. Bf1 g5 19. g3 h5 20. Qc3 h4 21. g4
Qf4 22. Bg2 Rhe8 23. Re3 Qc7 24. Rae1 Kb8 25. Qb4 Qb6 26. Qc3 Qc7 27. a4 a6 28.
a5 Qf4 29. Qb4 Qc7 30. Rc1 Ka7 31. Nc5 Nxc5 32. Qxc5+ Ka8 33. Qxg5 Ng8 34. Qc5
Qf4 35. Rd1 Ne7 36. Rf3 Qe4 37. Rxf7 Qc2 38. Re1 Ng8 39. Bxc6 Re7 40. Rxe7 Nxe7
41. Qxe7 Rb8 42. Bf3 Qxc4 43. Rxe6 Qb5 44. b4 1-0

[Event "XXXIV Festival A"]
[Site "Arco ITA"]
[Date "2012.10.17"]
[Round "5"]
[White "Buck, Klaus-Michael"]
[Black "Niccoli, Paolo"]
[WhiteElo "1756"]
[BlackElo "1915"]
[Result "0-1"]
[PlyCount "66"]
[EventDate "2012.10.13"]

1. d4 Nf6 2. Nf3 g6 3. g3 Bg7 4. Bg2 O-O 5. O-O d6 6. c4 Nc6 7. Nc3 e5 8. dxe5
Nxe5 9. Nxe5 dxe5 10. Qc2 c6 11. Ne4 Nxe4 12. Bxe4 Be6 13. Bg2 f5 14. Rd1 Qe7
15. b3 Qc5 16. a4 Qe7 17. Ba3 c5 18. Bd5 Rac8 19. e4 f4 20. Bxe6+ Qxe6 21. Qe2
f3 22. Qf1 Qg4 23. Rd5 b6 24. Re1 Rcd8 25. h3 Qe6 26. Red1 Rxd5 27. Rxd5 g5 28.
Kh2 Rf6 29. Qd3 Rh6 30. Rd8+ Bf8 31. h4 gxh4 32. Qd5 hxg3+ 33. Kg1 Qxd5 0-1

[Event "XXXIV Festival A"]
[Site "Arco ITA"]
[Date "2012.10.17"]
[Round "5"]
[White "Buglisi, Massimo"]
[Black "Trauth, Michael"]
[WhiteElo "1922"]
[BlackElo "2159"]
[Result "0-1"]
[PlyCount "49"]
[EventDate "2012.10.13"]

1. d4 Nf6 2. c4 c5 3. d5 b5 4. cxb5 a6 5. b6 Bb7 6. Nc3 e6 7. e4 exd5 8. exd5
d6 9. Nf3 Nbd7 10. Bc4 Nxb6 11. b3 Qe7+ 12. Be3 Ng4 13. Qd3 Nxe3 14. fxe3 g6
15. O-O Bg7 16. Rae1 O-O 17. e4 Nd7 18. e5 Nxe5 19. Nxe5 Bxe5 20. Ne4 Kg7 21.
Kh1 f5 22. Nd2 Qf6 23. Nf3 Rfe8 24. Qd2 Bc3 25. Rxe8 0-1

[Event "XXXIV Festival A"]
[Site "Arco ITA"]
[Date "2012.10.17"]
[Round "5"]
[White "Burmakin, Vladimir"]
[Black "Horvath, Csaba"]
[WhiteElo "2579"]
[BlackElo "2526"]
[Result "1-0"]
[PlyCount "79"]
[EventDate "2012.10.13"]

1. Nf3 Nf6 2. c4 e6 3. g3 d5 4. Bg2 Be7 5. O-O O-O 6. b3 d4 7. e3 c5 8. exd4
cxd4 9. Re1 Nc6 10. d3 Nd7 11. Ba3 a5 12. Bxe7 Qxe7 13. a3 Nc5 14. Qc2 e5 15.
Nbd2 Bf5 16. Bf1 Rfe8 17. Nh4 Be6 18. Ne4 Nxe4 19. Rxe4 Rad8 20. Ree1 f5 21.
Qd2 Qf6 22. Bg2 h6 23. b4 axb4 24. axb4 g5 25. Nf3 e4 26. dxe4 fxe4 27. Rxe4
Bxc4 28. Rxe8+ Rxe8 29. Re1 Ra8 30. b5 Bxb5 31. Qb2 Bc4 32. Nd2 Ra2 33. Qxb7
Qf7 34. Qc8+ Kg7 35. Ne4 Ne5 36. Qc5 Qd5 37. Qe7+ Nf7 38. Nf6 Qd8 39. Nh5+ Kg6
40. Qe4+ 1-0

[Event "XXXIV Festival A"]
[Site "Arco ITA"]
[Date "2012.10.17"]
[Round "5"]
[White "Burnier, David"]
[Black "Naumkin, Igor"]
[WhiteElo "2313"]
[BlackElo "2480"]
[Result "0-1"]
[PlyCount "58"]
[EventDate "2012.10.13"]

1. d4 Nf6 2. c4 e6 3. Nc3 Bb4 4. e3 c5 5. Nge2 d5 6. a3 Bxc3+ 7. Nxc3 cxd4 8.
exd4 dxc4 9. Bxc4 Nc6 10. Be3 O-O 11. O-O b6 12. Qf3 Bb7 13. Bd3 Qd7 14. Qh3
Ne7 15. Bg5 Ng6 16. Bxf6 gxf6 17. Rad1 Rfd8 18. Rfe1 Kg7 19. Bc2 Qc7 20. Re3
Qf4 21. d5 Bxd5 22. Nxd5 Rxd5 23. Rxd5 exd5 24. g3 Qd6 25. Qf5 d4 26. Rf3 Re8
27. h4 Re5 28. Qd3 Re1+ 29. Kg2 Qc6 0-1

[Event "XXXIV Festival A"]
[Site "Arco ITA"]
[Date "2012.10.17"]
[Round "5"]
[White "Casagrande, Fabio"]
[Black "Burani, Eugenio"]
[WhiteElo "1981"]
[BlackElo "1863"]
[Result "0-1"]
[PlyCount "61"]
[EventDate "2012.10.13"]

1. e4 c5 2. Nc3 Nc6 3. f4 g6 4. Nf3 Bg7 5. Bb5 a6 6. Bxc6 bxc6 7. O-O Nf6 8. d3
d5 9. Qe1 O-O 10. Qh4 dxe4 11. dxe4 Qb6 12. Kh1 c4 13. f5 gxf5 14. Ng5 h6 15.
Nh3 Qd4 16. Bxh6 Nxe4 17. Nxe4 Qxe4 18. Rf4 Qe5 19. Qg3 Qf6 20. Bg5 Qxb2 21.
Re1 Be6 22. c3 Qxc3 23. Rf3 Qd4 24. Bxe7 Rfe8 25. Bb4 Qg4 26. Qf2 Qd4 27. Ree3
Qb2 28. Qh4 Qxb4 29. Ng5 Bd7 30. Nh7 Rxe3 31. Rxe3 0-1

[Event "XXXIV Festival A"]
[Site "Arco ITA"]
[Date "2012.10.17"]
[Round "5"]
[White "Coolen, Marlo"]
[Black "Dobboletta, Alex"]
[WhiteElo "1873"]
[BlackElo "1995"]
[Result "1-0"]
[PlyCount "59"]
[EventDate "2012.10.13"]

1. e4 c5 2. Nf3 a6 3. d4 cxd4 4. Nxd4 Nf6 5. Nc3 e5 6. Nf3 Bb4 7. Bd2 Qc7 8. a3
Bc5 9. b4 Ba7 10. Nd5 Nxd5 11. exd5 b5 12. Rc1 e4 13. Qe2 O-O 14. Qxe4 Bb7 15.
c4 bxc4 16. Bxc4 Nc6 17. O-O Rae8 18. Qf4 Ne5 19. Bxa6 Qb6 20. Nxe5 Bxa6 21.
Nxd7 Qb5 22. Nxf8 Qxd5 23. Rfe1 Bb7 24. Qg3 Qxd2 25. Red1 Qb2 26. Rb1 Qc2 27.
Nd7 Re2 28. Nf6+ Kf8 29. Rd8+ Ke7 30. Qd6# 1-0

[Event "XXXIV Festival A"]
[Site "Arco ITA"]
[Date "2012.10.17"]
[Round "5"]
[White "De Nisi, Giuseppe"]
[Black "Castagna, Celestino"]
[WhiteElo "1816"]
[BlackElo "1722"]
[Result "1-0"]
[PlyCount "159"]
[EventDate "2012.10.13"]

1. d4 Nf6 2. c4 d6 3. Nc3 g6 4. e4 Bg7 5. Bd3 O-O 6. Nf3 Bg4 7. h3 Bxf3 8. Qxf3
e5 9. dxe5 dxe5 10. Bg5 c6 11. O-O Nbd7 12. Rad1 Qc7 13. Bc2 h6 14. Bh4 g5 15.
Bg3 Nc5 16. b4 Ne6 17. c5 Rad8 18. Bb3 Nd4 19. Qe3 Nxb3 20. axb3 Nh5 21. Bh2
Nf4 22. Ne2 Rd7 23. Ng3 Rfd8 24. Rb1 Rd3 25. Qe1 Rd2 26. Nf5 Re2 27. Qc1 Rxe4
28. Bxf4 Rxf4 29. Nd6 Rxb4 30. Qc3 Rd4 31. Rfe1 f6 32. b4 b6 33. Qc2 Bf8 34.
Qb3+ Rd5 35. Ne4 Kg7 36. Qf3 Qf7 37. cxb6 axb6 38. Rec1 Rc8 39. h4 Rd4 40. Ng3
Qd7 41. Nf5+ Kf7 42. Nxd4 Qxd4 43. hxg5 hxg5 44. Qb3+ Kg6 45. Rd1 Qg4 46. Qg8+
Bg7 47. Qb3 e4 48. Qc2 Rh8 49. Rb3 Qe6 50. Rc3 Rc8 51. Rc1 Bf8 52. Rxc6 Qxc6
53. Qxc6 Rxc6 54. Rxc6 Bxb4 55. Rxb6 Bc5 56. Rc6 Bd4 57. Rc4 Be5 58. Rxe4 Bc7
59. Kf1 Kf5 60. Rc4 Bf4 61. g3 Bd6 62. g4+ Ke5 63. Ra4 Bc7 64. Ra7 Bd6 65. f3
Kf4 66. Ke2 Be5 67. Ra4+ Kg3 68. Ke3 Bf4+ 69. Ke4 Be5 70. Ra3 Kh4 71. Kf5 Bd4
72. Rd3 Be5 73. Ke4 Bf4 74. Rd5 Kg3 75. Rf5 Be5 76. Rxe5 fxe5 77. Kxe5 Kxf3 78.
Kf5 Kg3 79. Kxg5 Kf3 80. Kf5 1-0

[Event "XXXIV Festival A"]
[Site "Arco ITA"]
[Date "2012.10.17"]
[Round "5"]
[White "Del Nevo, Claudio"]
[Black "Espinosa Cancino, Monica"]
[WhiteElo "1821"]
[BlackElo "1530"]
[Result "1-0"]
[PlyCount "136"]
[EventDate "2012.10.13"]

1. d4 Nf6 2. Nf3 d5 3. Bg5 e6 4. e3 Be7 5. Bxf6 Bxf6 6. c3 Nd7 7. Bd3 g6 8. Qc2
Bg7 9. Nbd2 O-O 10. h4 Nf6 11. O-O-O b6 12. Ne5 Bb7 13. g4 c5 14. h5 g5 15. f4
Bh6 16. Ndf3 Ne4 17. dxc5 Qc8 18. Bxe4 dxe4 19. c6 Bxc6 20. Nxc6 Qxc6 21. Ne5
Qc5 22. Qxe4 Qe7 23. Rd7 Qf6 24. Rxf7 Rxf7 25. Nxf7 Re8 26. Nxg5 Bxg5 27. fxg5
Qxg5 28. Rd1 Qg7 29. Rg1 Qg5 30. Qf4 Qg7 31. Rf1 e5 32. Qc4+ Kh8 33. Qf7 Qxf7
34. Rxf7 Rg8 35. Rxa7 Rxg4 36. h6 Kg8 37. Re7 Rg5 38. Re6 b5 39. Rb6 e4 40. Re6
Rh5 41. Kc2 Kf7 42. Rxe4 Rxh6 43. Re5 Ra6 44. a3 Rb6 45. Kd3 Kf6 46. Rh5 Kg6
47. Rh2 Rd6+ 48. Ke4 Re6+ 49. Kd4 Rc6 50. e4 h5 51. e5 Rc4+ 52. Kd5 h4 53. e6
Kf6 54. Kd6 Re4 55. Rf2+ Kg5 56. e7 h3 57. Kd7 Kg4 58. e8=Q Rxe8 59. Kxe8 Kg3
60. Rd2 h2 61. Rd1 Kg2 62. Kd7 h1=Q 63. Rxh1 Kxh1 64. Kc6 Kg2 65. Kxb5 Kf3 66.
Kb6 Ke4 67. c4 Kd4 68. c5 Kc4 1-0

[Event "XXXIV Festival A"]
[Site "Arco ITA"]
[Date "2012.10.17"]
[Round "5"]
[White "Dieli, Riccardo"]
[Black "Kierzek, Mira"]
[WhiteElo "1839"]
[BlackElo "2018"]
[Result "1/2-1/2"]
[PlyCount "74"]
[EventDate "2012.10.13"]

1. Nf3 d5 2. c4 d4 3. g3 Nc6 4. Bg2 e5 5. d3 Nf6 6. O-O Nd7 7. a3 a5 8. e3 Nc5
9. exd4 exd4 10. Re1+ Be7 11. Bg5 f6 12. Bf4 O-O 13. h3 Bf5 14. Bf1 g5 15. g4
Bg6 16. Bg3 Qd7 17. Nbd2 Bxd3 18. Nb3 Bxf1 19. Kxf1 Rad8 20. Nbxd4 Nxd4 21.
Qxd4 Qc6 22. Qe3 Rfe8 23. Ng1 Bd6 24. Qf3 Ne4 25. Kg2 Bxg3 26. fxg3 Qxc4 27.
Re2 Rd3 28. Rc1 Qd5 29. Qf5 Rxg3+ 30. Kh2 Qd3 31. Rxe4 Rd8 32. Qe6+ Kf8 33.
Qxf6+ Kg8 34. Qxg5+ Kh8 35. Qf6+ Kg8 36. Qe6+ Kh8 37. Qf6+ Kg8 1/2-1/2

[Event "XXXIV Festival A"]
[Site "Arco ITA"]
[Date "2012.10.17"]
[Round "5"]
[White "Dittmar, Peter"]
[Black "Karl, Hans"]
[WhiteElo "2329"]
[BlackElo "2141"]
[Result "1/2-1/2"]
[PlyCount "62"]
[EventDate "2012.10.13"]

1. d4 d5 2. c4 c6 3. cxd5 cxd5 4. Nc3 Nc6 5. e4 e5 6. dxe5 d4 7. Nd5 Be6 8. Bc4
Nxe5 9. Bb5+ Nc6 10. Qxd4 a6 11. Bxc6+ bxc6 12. Qa4 Bxd5 13. exd5 Qxd5 14. Nf3
Qb5 15. Qe4+ Be7 16. Nd4 Qd5 17. Qxd5 cxd5 18. O-O Bf6 19. Be3 Ne7 20. b4 Kd7
21. Rac1 Rhc8 22. Nb3 Rc4 23. Bc5 Nc6 24. Rfd1 Rxc1 25. Nxc1 Ke6 26. Nd3 d4 27.
Nf4+ Kf5 28. g3 Rd8 29. Kg2 g6 30. h3 h5 31. a3 Ke5 1/2-1/2

[Event "XXXIV Festival A"]
[Site "Arco ITA"]
[Date "2012.10.17"]
[Round "5"]
[White "Espinosa Cancino, Miguel"]
[Black "Messina, Roberta"]
[WhiteElo "1696"]
[BlackElo "1983"]
[Result "1/2-1/2"]
[PlyCount "111"]
[EventDate "2012.10.13"]

1. d4 Nf6 2. Nf3 e6 3. e3 Nc6 4. c3 d6 5. Bd3 e5 6. Nbd2 Qe7 7. e4 g6 8. d5 Nb8
9. O-O Bg7 10. Ne1 O-O 11. Nb3 c6 12. c4 Nh5 13. f3 Nd7 14. Be3 Nf4 15. Bc2 c5
16. Nd3 Nb6 17. Nd2 Qg5 18. Bxf4 exf4 19. Rb1 Nd7 20. Re1 h5 21. Kh1 h4 22. Ba4
Nf6 23. e5 dxe5 24. Rxe5 Bf5 25. Bc2 Nh5 26. Ne4 Qd8 27. Nexc5 b6 28. Ne4 Bxe5
29. Nxe5 Rc8 30. Nc6 Qc7 31. Qd4 Qd7 32. Nf6+ Nxf6 33. Bxf5 Qd6 34. Bxc8 Rxc8
35. Nxa7 Ra8 36. Nb5 Qd8 37. Qxf4 Nh5 38. Qe5 Ra4 39. Nd6 Rxa2 40. Qe8+ Qxe8
41. Nxe8 Kf8 42. Nd6 Ra4 43. Kg1 Nf4 44. g3 hxg3 45. hxg3 Nd3 46. g4 Ne5 47.
Kf2 Nxc4 48. Nxc4 Rxc4 49. Ke3 Ke7 50. Rd1 Kd6 51. Rd3 Rb4 52. b3 f6 53. f4 Rb5
54. Ke4 Rb4+ 55. Ke3 Rb5 56. Ke4 1/2-1/2

[Event "XXXIV Festival A"]
[Site "Arco ITA"]
[Date "2012.10.17"]
[Round "5"]
[White "Facchetti, Gianni"]
[Black "Wagner, Frank"]
[WhiteElo "2087"]
[BlackElo "1906"]
[Result "1-0"]
[PlyCount "59"]
[EventDate "2012.10.13"]

1. e4 c5 2. Nf3 Nc6 3. Bb5 g6 4. Qe2 Bg7 5. e5 Qc7 6. Bxc6 dxc6 7. h3 Bf5 8. d3
Rd8 9. O-O h5 10. Re1 e6 11. Bg5 Ne7 12. Nbd2 b5 13. Nh4 Rd5 14. f4 c4 15. dxc4
Rc5 16. b4 Rxc4 17. Nxc4 bxc4 18. Bxe7 Kxe7 19. Nxf5+ gxf5 20. Qxc4 Rd8 21.
Rad1 Kf8 22. Rd6 Kg8 23. Red1 Rf8 24. Qxc6 Qe7 25. c4 Qh4 26. Qf3 Rc8 27. R6d4
Rb8 28. a3 a5 29. c5 Kh7 30. Kh2 1-0

[Event "XXXIV Festival A"]
[Site "Arco ITA"]
[Date "2012.10.17"]
[Round "5"]
[White "Fuggetta, Leonardo"]
[Black "Nordstrom, Hakon N."]
[WhiteElo "2017"]
[BlackElo "1780"]
[Result "1/2-1/2"]
[PlyCount "37"]
[EventDate "2012.10.13"]

1. d4 e6 2. c4 b6 3. e4 Bb7 4. Bd3 Bb4+ 5. Bd2 Qe7 6. Ne2 Bxd2+ 7. Nxd2 d5 8.
O-O Nf6 9. Qc2 dxe4 10. Nxe4 Nbd7 11. N4c3 O-O 12. Rfe1 c5 13. d5 exd5 14. Nf4
Qd6 15. Nfxd5 Nxd5 16. Nxd5 Bxd5 17. cxd5 Nf6 18. Rad1 Rfe8 19. Bc4 1/2-1/2

[Event "XXXIV Festival A"]
[Site "Arco ITA"]
[Date "2012.10.17"]
[Round "5"]
[White "Goli, Daniele"]
[Black "Schnitzspan, Lothar"]
[WhiteElo "1986"]
[BlackElo "2325"]
[Result "0-1"]
[PlyCount "48"]
[EventDate "2012.10.13"]

1. d4 Nf6 2. c4 g6 3. Nc3 d5 4. Nf3 Bg7 5. g3 dxc4 6. Qa4+ Nfd7 7. Bg2 O-O 8.
Qxc4 Nb6 9. Qd3 Nc6 10. Bf4 Nxd4 11. Nxd4 e5 12. Nc6 Qxd3 13. Ne7+ Kh8 14. exd3
exf4 15. Nxc8 Nxc8 16. Bxb7 Rb8 17. Bxc8 Rxb2 18. Nd1 Rc2 19. Rb1 Re8+ 20. Kf1
Rxc8 21. gxf4 Rxa2 22. Kg2 Ra3 23. Re1 Rxd3 24. Re7 Kg8 0-1

[Event "XXXIV Festival A"]
[Site "Arco ITA"]
[Date "2012.10.17"]
[Round "5"]
[White "Herold, Hansjoerg"]
[Black "Nanni, Sergio"]
[WhiteElo "2043"]
[BlackElo "1694"]
[Result "1-0"]
[PlyCount "57"]
[EventDate "2012.10.13"]

1. e4 e5 2. Nf3 Nf6 3. Bc4 Nc6 4. O-O d6 5. Ng5 Be6 6. Nxe6 fxe6 7. Bxe6 Qe7 8.
Bd5 g6 9. Nc3 O-O-O 10. Bxc6 bxc6 11. Qe2 Kd7 12. d3 h5 13. Bg5 Bh6 14. Bxh6
Rxh6 15. Rad1 g5 16. Qf3 Nh7 17. d4 Rf8 18. Qe3 Rg6 19. dxe5 Qxe5 20. Qxa7 Nf6
21. Qd4 Qe7 22. e5 Ne8 23. exd6 Rxd6 24. Qa4 Qe5 25. Qe4 Qc5 26. Qh7+ Kc8 27.
Ne4 Nf6 28. Nxd6+ cxd6 29. Qe7 1-0

[Event "XXXIV Festival A"]
[Site "Arco ITA"]
[Date "2012.10.17"]
[Round "5"]
[White "Hilbenz, Guntram"]
[Black "Ziltener, Werner"]
[WhiteElo "1897"]
[BlackElo "2053"]
[Result "1/2-1/2"]
[PlyCount "98"]
[EventDate "2012.10.13"]

1. c4 c6 2. Nf3 d5 3. g3 Nf6 4. Bg2 Bf5 5. b3 g6 6. Bb2 Bg7 7. O-O O-O 8. d3
Qc8 9. Nbd2 Bh3 10. Qc2 Bxg2 11. Kxg2 e6 12. Ne5 Nbd7 13. Ndf3 Nxe5 14. Nxe5
Qc7 15. Rac1 Rad8 16. b4 d4 17. Nf3 e5 18. Rce1 Rfe8 19. e3 dxe3 20. Rxe3 Ng4
21. Re2 Qd6 22. h3 Nh6 23. Rfe1 f6 24. d4 Nf7 25. dxe5 fxe5 26. Bc3 Qd3 27.
Qxd3 Rxd3 28. Bxe5 Nxe5 29. Nxe5 Rd4 30. f4 Bxe5 31. Rxe5 Rxe5 32. Rxe5 Rxc4
33. a3 Rc2+ 34. Kf3 Kf7 35. Re3 Rd2 36. g4 h6 37. Kg3 Kf6 38. Rf3 Rd5 39. Re3
Rd1 40. Rf3 Ke6 41. f5+ gxf5 42. Rxf5 Rd3+ 43. Rf3 Rd1 44. Kf4 Rd4+ 45. Ke3 Rd5
46. Ke4 Re5+ 47. Kd4 Rd5+ 48. Ke4 Re5+ 49. Kd4 Rd5+ 1/2-1/2

[Event "XXXIV Festival A"]
[Site "Arco ITA"]
[Date "2012.10.17"]
[Round "5"]
[White "Joerges, Frank"]
[Black "Overney, Luca"]
[WhiteElo "1915"]
[BlackElo "1788"]
[Result "1-0"]
[PlyCount "61"]
[EventDate "2012.10.13"]

1. d4 d5 2. Nf3 Nf6 3. e3 c6 4. c4 Bg4 5. Qb3 Qb6 6. Ne5 Bf5 7. Nc3 e6 8. Bd2
Nbd7 9. f4 Nxe5 10. fxe5 Ne4 11. Be2 Be7 12. Nxe4 Bxe4 13. O-O dxc4 14. Bxc4
O-O 15. Bxe6 fxe6 16. Qxe6+ Kh8 17. Qxe7 Rfe8 18. Qb4 Qc7 19. Rf4 Bd5 20. b3
Qd7 21. Raf1 h6 22. e4 Be6 23. Qd6 Qxd6 24. exd6 Bd7 25. Rf7 Rad8 26. e5 Kg8
27. Bb4 b6 28. Re7 Rxe7 29. dxe7 Re8 30. Rf8+ Kh7 31. e6 1-0

[Event "XXXIV Festival A"]
[Site "Arco ITA"]
[Date "2012.10.17"]
[Round "5"]
[White "Kern, Beat"]
[Black "Zangrando, Gianpietro"]
[WhiteElo "1624"]
[BlackElo "1800"]
[Result "1-0"]
[PlyCount "97"]
[EventDate "2012.10.13"]

1. Nf3 g6 2. c4 Bg7 3. d4 d6 4. Nc3 Nd7 5. e4 e5 6. Be3 c6 7. Be2 Ngf6 8. h3
O-O 9. O-O Kh8 10. Qd2 Ng8 11. dxe5 dxe5 12. Rad1 Qe7 13. Qd6 f5 14. Qxe7 Nxe7
15. b4 Nf6 16. Bc5 Nfg8 17. Bd6 fxe4 18. Nxe4 Bf5 19. Nfd2 Rfd8 20. Rfe1 Rd7
21. c5 Nd5 22. a3 Nge7 23. Bf3 Re8 24. Kh2 Nc8 25. Rc1 Nf4 26. Be2 b5 27. Rcd1
Nd5 28. Bf3 h6 29. Kg1 Nf4 30. Kh2 Be6 31. Bg4 Bxg4 32. hxg4 Rf7 33. Nf3 Nd5
34. Rd2 Rf4 35. g5 hxg5 36. Nfxg5 Nxd6 37. Nxd6 Bh6 38. Ngf7+ Kg7 39. Nxh6 Kxh6
40. Nxe8 e4 41. Kg3 g5 42. Rh1+ Kg6 43. Nd6 Nf6 44. Re2 Rg4+ 45. Kh2 Rf4 46.
Kg1 Kg7 47. g3 Rg4 48. Nf5+ Kg6 49. Ne3 1-0

[Event "XXXIV Festival A"]
[Site "Arco ITA"]
[Date "2012.10.17"]
[Round "5"]
[White "Kierzek, Matthias"]
[Black "De Nisi, Roberta"]
[WhiteElo "2191"]
[BlackElo "1926"]
[Result "0-1"]
[PlyCount "74"]
[EventDate "2012.10.13"]

1. d4 f5 2. Bg5 Nf6 3. Bxf6 exf6 4. e3 d5 5. c4 Bb4+ 6. Nc3 O-O 7. Qb3 Bxc3+ 8.
bxc3 dxc4 9. Bxc4+ Kh8 10. Ne2 Nc6 11. Qc2 Ne7 12. Nf4 c6 13. h4 Qa5 14. h5 Nd5
15. Bxd5 cxd5 16. Ng6+ hxg6 17. hxg6+ Kg8 18. Qd1 Rd8 19. Kd2 Kf8 20. Qh5 Be6
21. Qf3 Rac8 22. Rac1 Qxa2+ 23. Rc2 Qa5 24. Rh8+ Ke7 25. Rh7 Rg8 26. Qh5 b5 27.
Qh6 b4 28. Rxg7+ Rxg7 29. Qxg7+ Kd6 30. Qxf6 bxc3+ 31. Ke2 Qb5+ 32. Kf3 Qe8 33.
Ra2 Rc7 34. Ra6+ Kd7 35. Qe5 Qxg6 36. Rd6+ Kc8 37. Qh8+ Qg8 0-1

[Event "XXXIV Festival A"]
[Site "Arco ITA"]
[Date "2012.10.17"]
[Round "5"]
[White "Knors, Rudi"]
[Black "Antoniacci, Riccardo"]
[WhiteElo "2112"]
[BlackElo "1911"]
[Result "1-0"]
[PlyCount "97"]
[EventDate "2012.10.13"]

1. Nf3 d5 2. d4 Nf6 3. c4 e6 4. Nc3 Be7 5. Bg5 Nbd7 6. e3 h6 7. Bh4 O-O 8. Rc1
c6 9. Bd3 dxc4 10. Bxc4 Nd5 11. Bxe7 Qxe7 12. O-O N7b6 13. Bd3 Nxc3 14. bxc3
Bd7 15. Ne5 Rad8 16. Qf3 Be8 17. Qe4 f5 18. Qf3 Nd7 19. Nxd7 Rxd7 20. Rfe1 Qf6
21. e4 f4 22. Bc4 Bf7 23. Qh3 Rfd8 24. e5 Qg6 25. Qf3 Qf5 26. h4 Bg6 27. Rcd1
Rf7 28. Bd3 Qh5 29. Qxh5 Bxh5 30. f3 g5 31. Kf2 g4 32. Be4 g3+ 33. Ke2 Kg7 34.
Rd2 Bg6 35. Kd3 Bxe4+ 36. Kxe4 Kg6 37. Red1 b5 38. c4 bxc4 39. Rc1 Kh5 40. Rxc4
Rc8 41. Rdc2 Kxh4 42. Rxc6 Re8 43. Rc7 Rff8 44. Rh7 Kh5 45. Rg7 Rc8 46. Rxc8
Rxc8 47. Kxf4 Rc2 48. Kxg3 Rxa2 49. Kh3 1-0

[Event "XXXIV Festival A"]
[Site "Arco ITA"]
[Date "2012.10.17"]
[Round "5"]
[White "Kveinys, Aloyzas"]
[Black "Albano, Marco"]
[WhiteElo "2526"]
[BlackElo "2226"]
[Result "1-0"]
[PlyCount "95"]
[EventDate "2012.10.13"]

1. d4 f5 2. g3 Nf6 3. Bg2 g6 4. Nf3 Bg7 5. O-O O-O 6. b3 Ne4 7. Bb2 d6 8. Nbd2
Nxd2 9. Qxd2 c6 10. c4 Na6 11. Rfe1 Qe8 12. e4 fxe4 13. Rxe4 Bf5 14. Ree1 Qf7
15. Ng5 Qf6 16. Ne4 Qf7 17. Re3 Nc7 18. Rae1 h6 19. Nxd6 exd6 20. Re7 Qf6 21.
Rxc7 Rf7 22. Rxf7 Qxf7 23. h3 Re8 24. Rxe8+ Qxe8 25. g4 Bb1 26. Bc3 g5 27. a4
Be4 28. Qe3 Bg6 29. a5 Qxe3 30. fxe3 Bc2 31. a6 bxa6 32. Bxc6 Bxb3 33. Bd5+ Kf8
34. Kf2 Ke8 35. Ke2 Kd7 36. Kd3 Bf6 37. Bb7 Bd1 38. Kd2 Bb3 39. Bxa6 Kc7 40.
Ba5+ Kb8 41. Kd3 Bd1 42. Ke4 h5 43. Kf5 hxg4 44. hxg4 Be7 45. Ke6 Bf8 46. Kf7
Bxg4 47. Kxf8 Be2 48. e4 1-0

[Event "XXXIV Festival A"]
[Site "Arco ITA"]
[Date "2012.10.17"]
[Round "5"]
[White "La Manna, Andrea"]
[Black "Duruz, Noe"]
[WhiteElo "2193"]
[BlackElo "1930"]
[Result "1-0"]
[PlyCount "73"]
[EventDate "2012.10.13"]

1. d4 Nf6 2. c4 e6 3. Nc3 Bb4 4. a3 Bxc3+ 5. bxc3 O-O 6. f3 c5 7. e4 Nc6 8. Be3
Qa5 9. Qd2 b6 10. e5 Ne8 11. f4 Ba6 12. Nf3 cxd4 13. cxd4 Qxd2+ 14. Nxd2 d5 15.
Rc1 Ne7 16. Kf2 Rc8 17. Be2 dxc4 18. Nxc4 Bxc4 19. Bxc4 Nc7 20. Kf3 b5 21. Bd3
a6 22. Bd2 Ned5 23. Ba5 Na8 24. Be4 Rfe8 25. Bxd5 exd5 26. Rc5 Rxc5 27. dxc5
Rc8 28. Rc1 Kf8 29. Ke3 Ke7 30. Kd4 Nc7 31. Bxc7 Rxc7 32. Kxd5 Rd7+ 33. Kc6 Rd4
34. Kb7 b4 35. c6 bxa3 36. c7 Rb4+ 37. Ka7 1-0

[Event "XXXIV Festival A"]
[Site "Arco ITA"]
[Date "2012.10.17"]
[Round "5"]
[White "Lezzerini, Marco"]
[Black "Barlocco, Carlo"]
[WhiteElo "1920"]
[BlackElo "2086"]
[Result "1-0"]
[PlyCount "105"]
[EventDate "2012.10.13"]

1. c4 e5 2. g3 Nc6 3. Nc3 Bb4 4. Nd5 Be7 5. Bg2 Nf6 6. e3 O-O 7. Ne2 Nxd5 8.
cxd5 Nb4 9. d4 exd4 10. Nxd4 c6 11. dxc6 bxc6 12. a3 Nd5 13. O-O Nf6 14. e4 Bb7
15. e5 Nd5 16. Bxd5 cxd5 17. Bf4 Re8 18. Rc1 Qb6 19. Be3 Qa5 20. f4 f6 21. exf6
Bxf6 22. Bf2 Re4 23. Nb3 Qb5 24. Nc5 Rc4 25. a4 Qc6 26. Rxc4 dxc4 27. Nxb7 Qxb7
28. Bd4 Bxd4+ 29. Qxd4 d5 30. Rd1 Rd8 31. Kf1 Qb6 32. Qc3 a5 33. Rd4 Qb4 34.
Qe3 Kf7 35. Qe5 Qd6 36. Qf5+ Kg8 37. Qc2 Qb6 38. Qd2 Qc5 39. Qe3 Kf7 40. Qe5 g6
41. Rd2 Qd6 42. Qd4 Rd7 43. Re2 Re7 44. Rd2 Rd7 45. Re2 h5 46. Re5 Kg8 47. Re8+
Kf7 48. Qh8 d4 49. Qg8+ Kf6 50. Rf8+ Qxf8 51. Qxf8+ Ke6 52. Qe8+ Kd6 53. Qe5+
1-0

[Event "XXXIV Festival A"]
[Site "Arco ITA"]
[Date "2012.10.17"]
[Round "5"]
[White "Ludwig, Timm"]
[Black "Cautiero, Pietro"]
[WhiteElo "1688"]
[BlackElo "1714"]
[Result "0-1"]
[PlyCount "60"]
[EventDate "2012.10.13"]

1. d4 d5 2. c4 e6 3. Nc3 c5 4. cxd5 exd5 5. Nf3 Nc6 6. g3 Nf6 7. Bg2 Be7 8. O-O
O-O 9. Bf4 a6 10. a4 c4 11. b3 cxb3 12. Qxb3 Na5 13. Qa2 Be6 14. Ng5 Rc8 15.
Nxe6 fxe6 16. Rac1 Bb4 17. Nb1 Qd7 18. Bh3 Nc4 19. Qb3 a5 20. Nc3 Nh5 21. Be5
Nd2 22. Qxd5 exd5 23. Bxd7 Nxf1 24. Be6+ Kh8 25. Bxc8 Rxc8 26. Na2 Rxc1 27.
Nxc1 Nd2 28. Nd3 Nc4 29. Bc7 Nf6 30. Nf4 Nb2 0-1